000
00314nam a2200145Ia 4500
100
_a
NISHITESH
650
_a
Communication skills
942
_c
BK
366
_f
20
245
_a
SOFT SKILLS AND LIFE SKILLS
260
_b
BSC PUBL.
_a
Hyderabad
_c
2012
082
_a
371.2/NIS
300
_a
261
546
_a
ENGLISH
999
_c
30623
_d
30623